| 000 | 00471nam a2200181Ia 4500 | ||
|---|---|---|---|
| 001 | 24430 | ||
| 005 | 20260414151042.0 | ||
| 008 | 260414t2017||||xx |||||||||||||| ||spa|| | ||
| 041 | _aESP | ||
| 082 |
_a345.7 _bL21 |
||
| 100 |
_aLama More, Héctor Enrique _eAUT |
||
| 245 | 0 |
_aLos plenos casatorios civiles : _bevaluación dogmática y práctica |
|
| 260 | _c2017 | ||
| 300 |
_a527 páginas : _c25 cm. |
||
| 650 | _aDER | ||
| 654 | _aCDE | ||
| 942 |
_cLIB _dJUS _fJUS _2ddc _n |
||
| 999 |
_c24430 _d24430 |
||